000 00259nam a22001097a 4500
008 160418b xxu||||| |||| 00| 0 eng d
020 _a0721686699
041 _aeng
080 _a018.2
245 _aFundamentals of Nursing;
_cHelen Harkreader;
942 _2udc
_cBK
999 _c1424
_d1424